000 02046nam a22004097a 4500
003 OSt
005 20230413143147.0
008 221006b |||||||| |||| 00| 0 eng d
040 _cBiblioteca Lado V
082 _a700
_bK41a
100 _9799
_aRuiz, Margarita
_eeditor
_edirector
245 _aArte Cubano/
_bRevista de Artes Visuales/
260 _bConsejo Nacional de las Artes Plasticas
_c2000
_aCuba
300 _c21x28cm
_a98p.
366 _espa
490 _v2000
_a2
_x1024 8439
505 _tArte Cubano a vuelo de pájaro, entre dos siglos
505 _tRuta Critica
_aPedro Abascal, un artista de la alusión Ultimas confidencias de Andy Barro Una poética al borde... In paisaje de percepción activa Julio Neira: Alma de anfora Las antinomias de Ernesto benitez
505 _tHablando por si mismo
_aSer otro para poder ser Las flechas de los persas minuciosas
505 _tPatrimonio
_aLa impronta barroca en el templo
505 _tDossier-Matanzas
_aDe miel y humo en el tapiz desgarra Un puente que no va a ser cruzado La desfiguración de lo visible
505 _tLa Revista en la Revista
_aLa historia oficial
505 _tLibros
_aDiccionario biográfico de las artes plásticas: el error del milenio El libro-catalogo de Juan Moreira La fabula y el fabulador Legión de honor para Agustin Cardenas
505 _tHistorietas
505 _tNoticias de Artecubano
505 _tSummary
650 _2Tesauro de Arte & Arquitectura
_aARTE
_9703
650 _2Tesauro de Arte & Arquitectura
_aEXPOSICIONES
650 _2Tesauro de Arte & Arquitectura
_aBIENAL
650 _2Tesauro de Arte & Arquitectura
_aAPRECIACION
650 _2Tesauro de Arte & Arquitectura
_aTEORIA
650 _2Tesauro de Arte & Arquitectura
_aCRITICA
650 _2Tesauro de Arte & Arquitectura
_aFOTOGRAFIA
_9702
650 _2Tesauro de Arte & Arquitectura
_aLITERATURA
650 _2Tesauro de Arte & Arquitectura
_aCUBANO
942 _2ddc
_c1
_h701.18
_iR934a
_n0
999 _c3373
_d3373